000
00202nam a22000977a 4500
082
_a
050
245
_a
HEALTH & NUTRITION - ENGLISH - JANUARY 2018
300
_a
114P
490
_a
JANUARY 2018
942
_c
CR
999
_c
4209
_d
4209